00000000nam##2200000za#4500
0019.608716
003CaOODSP
00520220111083334
007ta
008150406|1993||||xxc|||||     f|0| 0 eng|d
020 |a0-662-20353-4
022 |a1713-0638
040 |aCaOODSP|beng
043 |an-cn---
0861 |aNE22-1/1993-3E
1101 |aCanada. |bNational Energy Board.
24510|aIn the matter of: Westcoast Energy Inc. : |bapplication dated 31 July 1992, as amended, for new tolls effective 1 January 1993
260 |aCalgary - Alberta : |bNational Energy Board |cMarch, 1993.
300 |a64p. : |bfig., tables ; |c28 cm.
4901 |aReasons for decision|x1713-0638
563 |aSoftcover
69007|aPetroleum industry|2gcpds
77508|tWestcoast Energy Inc. : |w(CaOODSP)9.620794
7760#|tReasons for decision in the matter of Westcoast Energy Inc. : |w(CaOODSP)9.572410
830#0|aReasons for decision (Canada. National Energy Board)|x1713-0638|w(CaOODSP)9.514808
986 |aRH-3-92